Statistics for Страны, начинающиеся на букву Б

Click here to take the quiz!

General Stats

  • This quiz has been taken 1 282 times
  • The average score is 10 of 17

Answer Stats

Страна% Correct
Боливия
78%
Бельгия
76%
Беларусь
76%
Болгария
69%
Бангладеш
68%
Бразилия
67%
Бутан
60%
Бруней
57%
Бенин
56%
Ботсвана
56%
Белиз
51%
Бахрейн
50%
Барбадос
47%
Босния и Герцеговина
46%
Бурунди
45%
Багамские Острова
41%
Буркина-Фасо
38%

Score Distribution

Percentile by Number Answered

Percent of People with Each Score

Your Score History

You have not taken this quiz